UM Logo

Latin for dummies / (Record no. 19347)

MARC details
000 -LEADER
fixed length control field 00630nam a22001817a 4500
008 - FIXED-LENGTH DATA ELEMENTS--GENERAL INFORMATION
fixed length control field 240223b ||||| |||| 00| 0 eng d
020 ## - INTERNATIONAL STANDARD BOOK NUMBER
International Standard Book Number 9781119874799
082 ## - DEWEY DECIMAL CLASSIFICATION NUMBER
Classification number DC 478.421
Item number H877 2022
100 ## - MAIN ENTRY--PERSONAL NAME
Personal name Hull, Clifford A.
9 (RLIN) 53290
245 ## - TITLE STATEMENT
Title Latin for dummies /
Statement of responsibility, etc. Clifford A. Hull and Steven R. Perkins
250 ## - EDITION STATEMENT
Edition statement 2nd edition.
260 ## - PUBLICATION, DISTRIBUTION, ETC. (IMPRINT)
Place of publication, distribution, etc. Hoboken, NJ :
Name of publisher, distributor, etc. John Wiley & Sons, Inc.,
Date of publication, distribution, etc. ©2022.
300 ## - PHYSICAL DESCRIPTION
Extent xi, 413 pages :
Other physical details illustrations ;
Dimensions 23 cm.
500 ## - GENERAL NOTE
General note Includes appendices and index.
650 ## - SUBJECT ADDED ENTRY--TOPICAL TERM
Topical term or geographic name as entry element Latin language
General subdivision Self-instruction.
9 (RLIN) 53291
700 ## - ADDED ENTRY--PERSONAL NAME
Personal name Perkins, Steven R.
Relator term author.
9 (RLIN) 53292
942 ## - ADDED ENTRY ELEMENTS (KOHA)
Source of classification or shelving scheme Dewey Decimal Classification
Koha item type Circulation
Holdings
Withdrawn status Lost status Source of classification or shelving scheme Damaged status Not for loan Collection code Home library Current library Date acquired Source of acquisition Cost, normal purchase price Total Checkouts Full call number Barcode Date last seen Price effective from Koha item type
    Dewey Decimal Classification     Circulation UM Digos College - LIC UM Digos College - LIC 07/19/2023 Purchased 2333.00   DC 478.421 H877 2022 27991 05/15/2025 02/23/2024 Circulation